000 00487nam a2200193Ia 4500
005 20230805111432.0
008 131103s9999 xx 000 0 und d
020 _a0-345-34374-3
040 _aLoreto College
041 _aEnglish
082 _aF
_bGAR
100 _aSheldon,Sidney
245 4 _aThe case of the borrowed Brunette
_cSidney Sheldon
260 _aNew York
_bBallantine Books
_c1974
300 _a218p.
650 _aEnglish Fiction
850 _aLCLIB
942 _cBK
999 _c18361
_d68840